Sanat "Kuurankukka" - Joel Hallikainen - Statistics

Yleistilastot
  • Tätä visaa on pelattu 51 kertaa
  • Keskiarvotulos 66 / 97
Vastaustilastot
Vastaus % Oikein
kannan
97%
kannan
97%
sisälläin
97%
sisälläin
97%
ikkunaasi
94%
ikkunaasi
94%
kuurankukkia
90%
kuurankukkia
90%
näin
90%
näin
90%
sun
90%
sun
90%
Kuurankukkasia
87%
Kuurankukkasia
87%
piirtyneen
87%
piirtyneen
87%
aivan
84%
aivan
84%
aivan
84%
aivan
84%
aivan
84%
aivan
84%
ei
84%
ei
84%
ei
84%
ei
84%
niitä
84%
niitä
84%
nyt
84%
nyt
84%
Turhaa
84%
turhaa
84%
Turhaa
84%
turhaa
84%
turhaa
84%
turhaa
84%
voi
84%
voi
84%
voi
84%
lämpö
77%
lämpö
77%
päivänkään
77%
päivänkään
77%
sulattaa
77%
sulattaa
77%
ne
74%
ne
74%
pois
74%
pois
74%
on
71%
on
71%
on
71%
sieltä
71%
sieltä
71%
Turhaan
71%
turhaan
71%
turhaan
71%
turhaan
71%
turhaan
71%
turhaan
71%
varjo
71%
varjo
71%
kukkii
68%
kukkii
68%
siellä
68%
siellä
68%
sua
68%
lankeaa
65%
lankeaa
65%
mihin
61%
mihin
61%
yöllä
61%
hamuan
58%
minä
52%
jo
48%
kun
48%
kun
48%
se
42%
oo
39%
viereltäin
39%
kantaa
32%
sitä
32%
katkeruutta
29%
kieltää
29%
lähteissäin
29%
sisällään
29%
enää
26%
ennallaan
26%
etsii
26%
ikävöin
26%
itseään
26%
mitä
26%
muuttaa
26%
seuraamaan
26%
jälkiänsä
23%
käydä
23%
muuta
16%
Ehtoja vastaavia visoja ei löytynyt
Tulosjakauma
Jokaisen tuloksen saaneiden osuus
Persentiili vastausten määrän mukaan
Tuloshistoriasi
Et ole pelannut tätä visaa